000 00737nam a2200229 a 4500
001 000013533
005 20240506193024.0
008 091125s1992 dr a 000 0 spa d
040 _aDO-SdBNP
_bspa
_cBNPHU
082 _a613.26
_bC352d
100 1 _aCastillo Ariza, Marianela
_925706
245 1 0 _aDieta y salud /
_cMarianela Castillo Ariza.
260 _aSanto Domingo :
_bTaller,
_c1992.
300 _a277 p. ; :
_bil. ;
_c26 cm.
500 _aIncluye datos biográficos de la autora en la contracubierta
504 _aIncluye referencias bibliográficas y notas al pie de las páginas
650 4 _aDieta
_930867
650 0 _aNutrición
_912779
650 4 _aColesterol
_926754
650 4 _aRecetarios
_917916
049 _aBNPD
999 _c13156
_d13156